000 00356nam a2200133Ia 4500
008 100328s9999 xx 000 0 und d
082 _b51800
100 _aपाटील विश्वास
245 _aरणांगण
260 _bमॅजेस्टिक
630 _aरणांगण
730 _aरणांगण
942 _cBOOK
999 _c538712
_d538709